|
|
|
|
| LEADER |
00000nam0a2200000 4500 |
| 001 |
139675 |
| 005 |
20231101220818.0 |
| 010 |
|
|
|a 9789851610026
|
| 035 |
|
|
|a (RuTPU)RU\TPU\book\151307
|
| 090 |
|
|
|a 139675
|
| 100 |
|
|
|a 20080610d2007 km y0rusy50 ca
|
| 101 |
0 |
|
|a rus
|a chi
|
| 102 |
|
|
|a RU
|
| 105 |
|
|
|a y e 001zy
|
| 200 |
1 |
|
|a Китайско-русский финансово-экономический словарь
|e более 15000 терминов и словосочетаний
|f Н. Х. Ахметшин [и др.]
|
| 210 |
|
|
|a Москва
|c Восток-Запад
|c АСТ
|d 2007
|
| 215 |
|
|
|a 704 с.
|
| 320 |
|
|
|a Библиография: с. 702
|
| 330 |
|
|
|a Настоящее издание представляет собой первый в России специализированный финансово-экономический китайско-русский словарь. Его основу составили новейшие термины и словосочетания в области банковского дела, экономики и финансов, появившиеся в китайском и русском языках на рубеже веков, понятия и определения, закрепленные в действующих законодательных и иных нормативно-правовых актах КНР, конкретные социально-экономические установки нынешнего китайского руководства и соответствующая общеупотребительная лексика. В приложения включены названия более 200 международных торговых и финансово-экономических организаций, крупнейших банков, компаний и бирж, свыше 150 государственных, финансово-экономических органов и структур, ведущих банков, предприятий и бирж современного Китая. Словарь предназначен для бизнесменов и государственных служащих, банкиров, экономистов и финансистов, научных сотрудников и преподавателей высших учебных заведений, аспирантов и студентов, а также всех тех, кто имеет отношение к данной сфере деятельности.
|
| 606 |
1 |
|
|a Китайский язык
|x Словари
|2 stltpush
|3 (RuTPU)RU\TPU\subj\73822
|9 86579
|
| 610 |
1 |
|
|a лексика
|
| 610 |
1 |
|
|a словари
|
| 610 |
1 |
|
|a терминологические словари
|
| 610 |
1 |
|
|a экономика
|
| 610 |
1 |
|
|a финансы
|
| 686 |
|
|
|a Ш171.11-4
|v LBC/SL-A
|2 rubbk
|
| 701 |
|
1 |
|a Ахметшин
|b Н. Х.
|
| 701 |
|
1 |
|a Жу
|b Хэ
|
| 701 |
|
1 |
|a Хуа
|b Сан
|
| 701 |
|
1 |
|a Юй
|b Чжао
|
| 701 |
|
1 |
|a Юйфэнь
|b Чэнь
|
| 701 |
|
1 |
|a Чжисюй
|b Шань
|
| 701 |
|
1 |
|a Копков
|b А. В.
|
| 701 |
|
1 |
|a Дунмин
|b Хуан
|
| 701 |
|
1 |
|a Цзунли
|b Сун
|
| 701 |
|
1 |
|a Дэпин
|b Ли
|
| 801 |
|
1 |
|a RU
|b 63413507
|c 20080610
|g PSBO
|
| 801 |
|
2 |
|a RU
|b 63413507
|c 20170210
|g PSBO
|
| 942 |
|
|
|c BK
|
| 959 |
|
|
|a 65/20080529
|d 1
|e 422,40
|f ЧЗИЛ:1
|